Twenty One Pilots - Ride lyrics - Statistics

General Stats
  • This quiz has been taken 3,828 times
  • The average score is 30 of 35
Answer Stats
Answer % Correct
I know it's ____ sometimes hard
99%
I know it's ____ sometimes Hard
96%
I just wanna stay in the ___ where I find sun
96%
I'm falling so I'm taking my time on my ____ ride
94%
I'm falling so I'm taking my time on my ____ ride
94%
A ______ for them , a ______ for you bullet
91%
A ______ for everybody in this room bullet
91%
"I'd ___ for you," that's easy to say die
91%
But it's fun to _________ fantasize
90%
Yeah I think about the ___ just way too much end
89%
But I dont seem to see many _______ coming through bullets
88%
See many _______ coming through bullets
88%
But it's fun to ________ fantasize
88%
We have a list of ______ that we would take people
88%
Pieces of _____ in the sun peace of mind Peace
85%
I'm falling so I'm taking my time on my ____ ride
84%
I'm falling so I'm taking my time on my ____ ride
84%
I'm falling so I'm taking my time on my ____ ride
84%
I'm falling so I'm taking my time on my ____ ride
83%
Who would you ___ for? die
82%
I've been ________ too much thinking
82%
Even ______ to say when you know its not true harder
81%
But _________ I don't know what I'd do literally
81%
"I'd ____ for you," and that's hard to do live
81%
Like who would you ____ for? live
81%
______________ I'm the man Metaphorically
81%
I've been ________ too much thinking
81%
On my _______ I wouldn't wish who I was enemies
80%
____ me help
80%
____ me help
80%
Would you ever ____? kill
78%
There were people back ____ who tried talking to you home
72%
But you ______ them still ignore
72%
All these _________ are for real questions
72%
Even Harder to _____ when you know that tonight write
65%
No matching quizzes found
Score Distribution
Percent of People with Each Score
Percentile by Number Answered
Your Score History
You have not taken this quiz